000 00344nam a2200133 i 4500
001 bg
100 1 _aRYMASZEWSKI, Roman
245 0 _aModelowanie operacyjno-mnogościowe i jego zastosowanie /
_cRoman Rymaszewski.
260 _aWrocław,
_c1982.
040 _cBPK
041 _apol
942 _cKS
008 s pl f |000 0 pol
999 _c20917
_d20917
856 _uhttp://koha.tu.koszalin.pl/cgi-bin/koha/opac-detail.pl?biblionumber=20917
_yKatalog online BPK